000 00698nam a2200229Ia 4500
003 OSt
005 20220925212443.0
006 a|||||r|||| 00| 0
007 ta
008 220923b |||||||| |||| 00| 0 eng d
037 _cGeneral Book
040 _aRTL
_cRTL
_beng
041 _2eng
_aeng
082 _aX:97.1-1.N8,X:89K33, M7,M2
100 _aBamber G J Ed.
_9276825
245 0 _aInternational and Comarative industriial Relations
260 _aLondon
_bAllen & Unwin
_c1987
300 _a289p
_ccm.
700 _a Lansbury R D Ed.
_9276826
942 _hX:97.1-1.N8,X:89K33, M7,M2
_cGB
_2CC
999 _c560393
_d560393